000 00362 a2200157 4500
001 165242
020 _a
040 _cMagnum
100 _a-
240 1 0 _aA mae de jesus: vida de maria narrada as criancas
_lpor
245 1 0 _aA mae de jesus: vida de maria narrada as criancas
362 0 _a1899
440 1 _aPaulinas
697 _aRELIGIAO
942 _cBK
999 _c165242
_d165242